|
|
|
|
| LEADER |
02922nam a22004575i 4500 |
| 001 |
978-0-306-47581-8 |
| 003 |
DE-He213 |
| 005 |
20151204141955.0 |
| 007 |
cr nn 008mamaa |
| 008 |
100301s2002 ne | s |||| 0|eng d |
| 020 |
|
|
|a 9780306475818
|9 978-0-306-47581-8
|
| 024 |
7 |
|
|a 10.1007/0-306-47581-2
|2 doi
|
| 040 |
|
|
|d GrThAP
|
| 050 |
|
4 |
|a QL351-352
|
| 072 |
|
7 |
|a PSV
|2 bicssc
|
| 072 |
|
7 |
|a PSAB
|2 bicssc
|
| 072 |
|
7 |
|a SCI070000
|2 bisacsh
|
| 082 |
0 |
4 |
|a 578.012
|2 23
|
| 100 |
1 |
|
|a Ryan, Michael F.
|e author.
|
| 245 |
1 |
0 |
|a Insect Chemoreception
|h [electronic resource] :
|b Fundamental and Applied /
|c by Michael F. Ryan.
|
| 264 |
|
1 |
|a Dordrecht :
|b Springer Netherlands,
|c 2002.
|
| 300 |
|
|
|a XVIII, 330 p.
|b online resource.
|
| 336 |
|
|
|a text
|b txt
|2 rdacontent
|
| 337 |
|
|
|a computer
|b c
|2 rdamedia
|
| 338 |
|
|
|a online resource
|b cr
|2 rdacarrier
|
| 347 |
|
|
|a text file
|b PDF
|2 rda
|
| 505 |
0 |
|
|a Fundamental Aspects -- Plant Chemicals -- Pheromones -- The Chemoreceptive Organs: Structural Aspects -- Electrophysiology of Chemoreception -- Biochemistry of Chemoreception -- and Overview -- Applied Aspects -- Plant Chemicals in Pest Control -- Host Plant Resistance -- Pheromones in Plant Protection -- Genetic Engineering.
|
| 520 |
|
|
|a In this time of edited volumes when the list of individual contributors may reach double figures, it is appropriate to question the usefulness of a volume, with such a broad scope, by a single author. The answer is simple. For years he has believed that the rather sharp distinction between fundamental and applied aspects of this discipline, has ill-served the significance of each; and has diminished the incidence of fruitful synergies. Yet the need for these was never greater, and this case may be developed by a single author with experience of each aspect. The inclusion of a Chapter on Genetic Engineering may raise some doubts, but it is enabled by the chosen title “Chemoreception”, as distinct from Chemoperception: the latter implies detection of a chemical, followed by a behavioural response. But the former broader category subsumes Chemoperception and allows for the reception of a chemical toxin so potent as to prelude a behavioural or physiological response, other than death. Accordingly, chemical toxins are a legitimate inclusion. In which event, their delivery through a GM plant is as appropriate for study as their application in a spray.
|
| 650 |
|
0 |
|a Life sciences.
|
| 650 |
|
0 |
|a Plant science.
|
| 650 |
|
0 |
|a Botany.
|
| 650 |
1 |
4 |
|a Life Sciences.
|
| 650 |
2 |
4 |
|a Animal Systematics/Taxonomy/Biogeography.
|
| 650 |
2 |
4 |
|a Plant Sciences.
|
| 710 |
2 |
|
|a SpringerLink (Online service)
|
| 773 |
0 |
|
|t Springer eBooks
|
| 776 |
0 |
8 |
|i Printed edition:
|z 9781402002700
|
| 856 |
4 |
0 |
|u http://dx.doi.org/10.1007/0-306-47581-2
|z Full Text via HEAL-Link
|
| 912 |
|
|
|a ZDB-2-SBL
|
| 912 |
|
|
|a ZDB-2-BAE
|
| 950 |
|
|
|a Biomedical and Life Sciences (Springer-11642)
|